| 000 | 00496nam a22001937a 4500 | ||
|---|---|---|---|
| 003 | NUST - PNEC | ||
| 005 | 20170116180823.0 | ||
| 008 | 150629b xxu||||| |||| 00| 0 eng d | ||
| 020 | _a0137854943 | ||
| 040 | _cLIBRARY | ||
| 082 | _a515 TRI | ||
| 100 |
_94245 _aTrim, Donald |
||
| 245 |
_aCalculus for engineers _cDonald Trim |
||
| 250 | _a- | ||
| 260 |
_aCanada _bPrentice-Hall _cc1998. |
||
| 300 | _aVarious Pagess | ||
| 650 |
_94246 _aEngineering mathematics _xME / MIS |
||
| 942 |
_2ddc _cBK |
||
| 999 |
_c63815 _d63815 |
||